Statistics for Countries Starting With C

Click here to take the quiz!

General Stats

  • This quiz has been taken 21 times
  • The average score is 11 of 16

Answer Stats

Country% Correct
Canada
92%
Chad
92%
Colombia
92%
Chile
83%
China
83%
Cameroon
75%
Costa Rica
75%
Central African Republic
67%
Comoros
67%
Cyprus
67%
Czech Republic
67%
Croatia
58%
Cuba
58%
Cambodia
50%
Cape Verde
50%
Cote d'Ivoire
50%

Score Distribution

Percentile by Number Answered

Percent of People with Each Score

Your Score History

You have not taken this quiz